| 000 | 00579nam a2200193 i 4500 | ||
|---|---|---|---|
| 001 | 69955 | ||
| 003 | ES-MaACL | ||
| 005 | 20250904063052.0 | ||
| 007 | t| | ||
| 008 | 040713s1970 sp |||| | cat d | ||
| 100 | 1 |
_aGarcía Márquez, Gabriel, _d1927-2014 _9242191 |
|
| 245 | 1 | 0 |
_aCent anys de solicitud / _cGabriel García Márquez ; [traducció d'A. Artis-Gener]. |
| 250 | _a1ª ed. | ||
| 260 |
_aBarcelona : _bEdhasa, _c1970. |
||
| 300 |
_a381 p. ; _c22 cm. |
||
| 700 | 1 |
_aArtís-Gener, Avel.lí. _923492 |
|
| 852 |
_aES-MaACL _jC-46893 |
||
| 999 |
_c69955 _d69955 |
||